Science Quiz

Random Science or Clickable Quiz

Meteorology 2014 Hunter Edmonds CH 5 Quiz Stats

Quiz not verified by Sporcle

Challenge
Share
Tweet
Embed
Score 0/29 Timer 20:00
0 Plays Today
% Correct
Cirrus, Cirrostratus, Cirrocummulus
75%
Cumulus, Cummulonimbus
75%
Fog
75%
Hail
75%
White Frost
75%
Cirrus Clouds
50%
High Clouds
50%
Middle Clouds
50%
Low Clouds
50%
Altocummulus, Altostratus
50%
Stratus, Stratocummulus, Nimbostratus
50%
Dew
50%
Rain
50%
Drizzle
50%
Snow
50%
% Correct
Blizzard
50%
Depth, Water Equivalent
50%
Upslope Fog
50%
Windchill
50%
Stratus
25%
Clouds of Verticle Development
25%
Mist
25%
Cummulonimbus Clouds
25%
Steam Fog
25%
Advection Fog
25%
Cummulus
0%
Clouds
0%
Freezing Rain
0%
Cloud Seeding
0%

You're not logged in!

Compare scores with friends on all Sporcle quizzes.
Sign Up with Email
OR
Log In

You Might Also Like...

Show Comments

Extras

Top Quizzes Today


Score Distribution

Your Account Isn't Verified!

In order to create a playlist on Sporcle, you need to verify the email address you used during registration. Go to your Sporcle Settings to finish the process.

Report this User

Report this user for behavior that violates our Community Guidelines.

Details: